000 01891nam a22001577a 4500
041 _aukr
080 _a09
090 _bКОВ
100 _aКовалюк, Ю. П.
245 _aФункціонування фразеологічних одиниць у сучасних англійських ЗМІ
260 _aОстрог
_bКАФ
_c2016
300 _a56
520 _aВступ. Розділ І. Теоретичні дослідження фразеологічних одиниць у вітчизняній і зарубіжній лінгвістиці. 1.1. Фразеологія, як обєкт лінвістичного дослідження 1.2. Визначення фразеологічної одиниці; фразеологічні одиниці як явища вторинної номінації 1.3. Проблеми співвідношення "фразеологічна одиниця слово" Розділ ІІ. Функціонування фразеологічних одиниць в сучасній англійській мові. 2.1. Способи утворення фразеологічних одиниць в сучасній англійській мові 2.2. Класифікація фразеологічних одиниць в сучасній англійській мові Розділ ІІІ. Вживання ідіом в сучасній англійській пресі. 3.1. Особливості вживання та перекладу англійських ідіом 3.2. Трансформація фразеологізмів у текстах публіцистичного стилю та її типи Висновки. Список використаних джерел.
_0лінгвістика, фразеологічна одиниця, ідіома
650 _aResearch Papers
999 _c285714
_d285714
942 _cBK